PREMIO NACIONAL DE CIENCIAS Y ARTES 2002 (Registro nro. 45369)
[ vista simple ]
| 000 -LEADER | |
|---|---|
| fixed length control field | 00997nam a2200181 a 4500 |
| 001 - CONTROL NUMBER | |
| control field | 45369 |
| 005 - DATE AND TIME OF LATEST TRANSACTION | |
| control field | 20180714024536.0 |
| 008 - FIXED-LENGTH DATA ELEMENTS--GENERAL INFORMATION | |
| fixed length control field | 140415s2003 mx 000 0 spa d |
| 020 ## - INTERNATIONAL STANDARD BOOK NUMBER | |
| International Standard Book Number | 9703503012 |
| 041 ## - LANGUAGE CODE | |
| Language code of text/sound track or separate title | spa |
| 082 ## - DEWEY DECIMAL CLASSIFICATION NUMBER | |
| Classification number | 001.44 |
| Item number | PRE |
| 245 00 - TITLE STATEMENT | |
| Title | PREMIO NACIONAL DE CIENCIAS Y ARTES 2002 |
| 250 ## - EDITION STATEMENT | |
| Edition statement | 1a ed. |
| 260 ## - PUBLICATION, DISTRIBUTION, ETC. | |
| Place of publication, distribution, etc. | MEXICO : |
| Name of publisher, distributor, etc. | SECRETARIA DE EDUCACION PUBLICA, |
| Date of publication, distribution, etc. | 2003 |
| 300 ## - PHYSICAL DESCRIPTION | |
| Extent | 129 |
| Dimensions | 21 x 1.5 x 21 |
| 520 ## - SUMMARY, ETC. | |
| Summary, etc. | DESDE HACE MÁS DE MEDIO SIGLO, EL ESTADO MEXICANO HA OTORGADO EL PREMIO NACIONAL DE CIENCIAS Y ARTES A LAS MEXICANAS Y LOS MEXICANOS QUE POR MÉRITOS PROPIOS SE HICIERON MERECEDORES DE TAL DISTINCIÓN. CON LA PUBLICACIÓN DE ESTA MEMORIA, SE CUMPLE CON LA GRATA LABOR DE DEJAR TESTIMONIO PERMANENTE DE SUS NOTABLES APORTACIONES EN LAS DIVERSAS RAMAS DE LA CIENCIA Y LA TECNOLOGÍA, DE LA CULTURA Y LAS ARTES, Y DE LAS TRADICIONES POPULARES, DONDE SE CONJUGAN ESFUERZO Y DEDICACIÓN COMO EJEMPLO |
| 650 14 - SUBJECT ADDED ENTRY--TOPICAL TERM | |
| Topical term or geographic name entry element | PREMIOS |
| General subdivision | NACIONAL DE CIENCIAS Y ARTES |
| Withdrawn status | Lost status | Source of classification or shelving scheme | Damaged status | Not for loan | Collection code | Home library | Current library | Shelving location | Date acquired | Source of acquisition | Inventory number | Total Checkouts | Full call number | Barcode | Date last seen | Price effective from | Koha item type |
|---|---|---|---|---|---|---|---|---|---|---|---|---|---|---|---|---|---|
| Dewey Decimal Classification | General | Biblioteca Karol Wojtyla | Biblioteca Karol Wojtyla | Sala general | 03/12/2013 | Compra | 151000000000000000065399 | '001.44 PRE | 68214 | 05/01/2026 | 03/12/2013 | Libro |